00450nam a22001217a 4500003000200000005001700002008004100019050002200060245011300082260008000195300003000275500002300305020221022085658.0221022b xxu||||| |||| 00| 0 eng d aTS155b.Sa25 2021 aAsset management and collection monitoring system for thrift bank in the PhilippinescRey Anthony E. Salazar aLas Pinas, PhilippinesbSouthville International School and CollegescC2021 axii,229pp.c28cm.fTheses aMonitoring system.